Mastering visual Basic .NET database programming

保存先:
書誌詳細
フォーマット: 図書
言語:Undetermined
出版事項: San Francisco Sybex 2002
主題:
タグ: タグ追加
タグなし, このレコードへの初めてのタグを付けませんか!
Thư viện lưu trữ: Trung tâm Học liệu Trường Đại học Cần Thơ
LEADER 00449nam a2200157Ia 4500
001 CTU_117680
008 210402s9999 xx 000 0 und d
082 |a 005.133 
082 |b M423 
245 0 |a Mastering visual Basic .NET database programming 
260 |a San Francisco 
260 |b Sybex 
260 |c 2002 
650 |a Visual basic (computer programs language) 
904 |i M.Loan 
980 |a Trung tâm Học liệu Trường Đại học Cần Thơ